最大的相邻县级行政区序列-北京 Largest-Bordering-County Sequence in Beijing - Statistics

General Stats
  • This quiz has been taken 29 times
  • The average score is 16 of 16
Answers on the Map
Answers color-coded by a green-red scale on the quiz's map according to % correct below.
 
Answer Stats
县级行政区 % Correct
密云区
100%
怀柔区
100%
延庆区
100%
昌平区
100%
门头沟区
100%
房山区
100%
大兴区
100%
通州区
100%
顺义区
100%
平谷区
100%
朝阳区
100%
海淀区
96%
丰台区
96%
石景山区
96%
西城区
92%
东城区
92%
No matching quizzes found
Score Distribution
Percent of People with Each Score
Percentile by Number Answered
Your Score History
You have not taken this quiz